000 00632nai a2200181Ia 4500
003 IN-BaIIA
008 211028c9999 xx s 000 0 eng d
022 _a2040-7939 (Print)
022 _a2040-7947 (Online)
040 _cIIA Library
245 0 _aInternational Journal For Numerical Methods In Biomedical Engineering
_h[eJournal]
260 _aNew Jersey
_bJohn Wiley & Sons
310 _aMonthly
362 _a12(1); 1996 -29(12); 2013
521 _bSubscribed through National Knowledge Resource Consortium (NKRC)
856 _uhttps://onlinelibrary.wiley.com/journal/20407947
_yClick Here to Access eJournal
942 _cEJ
999 _c34811
_d34811